000 00278nam a2200121 a 4500
008 101216s1974|||| d
245 1 0 _aOd Platóna k Marxovi
100 1 _aDavidov, Nešo
044 _axo
_cSK
041 _aslo
020 _c9
260 _bSmena
_aBratislava
_c1974
999 _c15285
_d15285